000 00707cam a22002294a 4500
001 14619523
005 20180809044936.0
008 061101s1999 ctu b 001 0 eng
010 _a 2006285435
020 _a1889325090 (pbk.)
040 _aDLC
_cDLC
_dDLC
041 _aeng
080 _a618.92 WIL
082 0 0 _a618.92 WIL
_222
100 _a8
101 _aPED
245 0 0 _aPediatrics :
_c[edited by] H. David Wilson.
504 _aIncludes bibliographical references and index.
906 _a7
_bcbc
_corignew
_d2
_encip
_f20
_gy-gencatlg
942 _2ddc
_cBK
999 _c46955
_d46955